Ekonomika preduzec'a

Gespeichert in:
Bibliographische Detailangaben
Format: Schriftenreihe
Sprache:Serbisch
Veröffentlicht: Beograd Druśtvo Ekonomista N.R.Serbije 1956
Schlagworte:
Tags: Tag hinzufügen
Keine Tags, Fügen Sie das erste Tag hinzu!

MARC

LEADER 00000nas2a2200000 4500
001 0009206
005 20250701083333.6
041 0 |a srp 
044 |a YU 
245 1 0 |a Ekonomika preduzec'a 
264 1 |a Beograd  |b Druśtvo Ekonomista N.R.Serbije  |c 1956 
300 |a 1 zv. 
773 0 |w eu_un_cat*s121059 
610 2 0 |a riadenie 
610 2 0 |a riadenie podnikové